000 00420nam a2200181Ia 4500
001 13772
005 20260306164825.0
008 260306t1999||||xx |||||||||||||| ||spa||
041 _aESP
082 _a005.133J
_bF56
100 _aFlanagan, David
_eAUT
245 0 _aJava:
_ben pocas palabras
260 _c1999
300 _a610 páginas :
_c23 cm.
650 _aGEN
654 _aCCC
942 _cLIB
_dJUS
_fJUS
_2ddc
_n
999 _c13772
_d13772